000 00342nam a2200133Ia 4500
008 190216s9999||||xx |||||||||||||| ||und||
100 _aSatish K Agarwala And Ramesh C Agarwala
245 0 _aAdvanced Organic Analysis
250 _a1st Ed.
260 _bPragathi Prakashan
300 _a508
650 _aChemistry-Chemistry
942 _cBK
999 _c2686
_d2686